| 000 | 00467nam a22001817a 4500 | ||
|---|---|---|---|
| 003 | CEME | ||
| 005 | 20210628203343.0 | ||
| 008 | 210126b xxu||||| |||| 00| 0 eng d | ||
| 020 | _a9788181288544 | ||
| 040 | _c. | ||
| 082 | _a519.2 LAN | ||
| 100 |
_aLange, Kenneth _964921 |
||
| 245 | _aApplied probability | ||
| 260 |
_aINDIA _bSPRINGER _c2003 |
||
| 300 | _a305P | ||
| 650 |
_aAPPLIED PROBABILITY.PROBABILITIES. STOCHASTIC PROCESSES. _964922 |
||
| 942 |
_cBK _2ddc |
||
| 999 |
_c573276 _d573276 |
||